| 000 | 00489nam a2200193Ia 4500 | ||
|---|---|---|---|
| 003 | OSt | ||
| 005 | 20251219113238.0 | ||
| 008 | 210210b1967 xxu||||| |||| 00| 0 eng d | ||
| 040 | _cAL | ||
| 041 | _aKannada | ||
| 082 | _a859/2320 | ||
| 100 |
_aINDIRA (M K) _9129557 _dಇಂದಿರಾ (ಎಂಕೆ) |
||
| 245 |
_aKaladarshi _bಕಲಾದರ್ಶಿ |
||
| 260 |
_aBengaluru _b- _c1967 |
||
| 300 | _a259 | ||
| 690 |
_aKannada Fiction _9129558 |
||
| 906 | _a026600 | ||
| 942 |
_2ddc _cBK |
||
| 999 |
_c147873 _d147873 |
||